Devinez le Département Mystère #19 - Statistiques

Statistiques générales
  • Ce quiz a été pris 289 fois
  • Le résultat moyen est 27 sur 30
Statistiques - réponses
Type de Réponse Réponse % Correct
Lettre de l'Alphabet A
100%
Lettre de l'Alphabet N
99%
Lettre de l'Alphabet R
99%
Lettre de l'Alphabet I
98%
Lettre de l'Alphabet E
95%
Lettre Trouvée O
95%
Lettre de l'Alphabet S
95%
Lettre de l'Alphabet D
94%
Lettre de l'Alphabet V
94%
Lettre de l'Alphabet H
92%
Lettre de l'Alphabet U
92%
Lettre de l'Alphabet C
91%
Lettre de l'Alphabet G
91%
Lettre Trouvée L
91%
Lettre Trouvée T
91%
Lettre de l'Alphabet M
90%
Lettre de l'Alphabet P
90%
Lettre de l'Alphabet B
89%
Lettre de l'Alphabet F
86%
Lettre de l'Alphabet J
86%
Lettre de l'Alphabet Y
86%
Lettre de l'Alphabet Q
85%
Lettre de l'Alphabet Z
85%
Lettre de l'Alphabet K
84%
Lettre Bien Placée L
84%
Département Mystère Lot
84%
Lettre Bien Placée O
84%
Lettre Bien Placée T
84%
Lettre de l'Alphabet W
84%
Lettre de l'Alphabet X
84%
Aucun quiz correspondant
Distribution des résultats
% des personnes avec chaque résultat
Percentile par nombre de réponses
Votre historique - résultats
Vous n’avez pas pris ce quiz